Охорона волинської ділянки східного кордону (Запис № 576458)
[ простий вигляд ]
| 000 -Лідер | |
|---|---|
| fixed length control field | 00800naa a2200205 4500 |
| 001 - Контрольний номер | |
| control field | 2162214035924976 |
| 003 - Ідентифікатор контрольного номера | |
| control field | UA-OsUOA |
| 005 - Дата та час останнього входження (трансакції) | |
| control field | 20240524130652.0 |
| 008 - Елементи даних фіксованої довжини – загальна інформація | |
| fixed length control field | 240524b un ||||| |||| 00| 0 ukr d |
| 040 ## - Джерело каталогізації | |
| Агенція оригінальної каталогізації | UA-OsUOA |
| Мова каталогізації | ukr |
| Агенція, яка здійснювала перезапис | UA-OsUOA |
| Агенція, яка здійснювала модифікацію | UA-OsUOA |
| 041 ## - Код мови | |
| Код мови тексту/ звукової доріжки чи окремого заголовка (П) | ukr |
| 080 ## - Індекс Універсальної десяткової класифікації | |
| Індекс Універсальної десяткової класифікації (УДК) (НП) | 908 |
| 090 ## - Локальний шифр розміщення | |
| Класифікаційний індекс УДК | 908 |
| 100 ## - Основне введення – ім’я особи | |
| Ім’я особи (НП) | Разиграєв О. |
| 9 (RLIN) | 2438 |
| 245 ## - Відомості про назву | |
| Назва (НП) | Охорона волинської ділянки східного кордону |
| Дані про відповідальність (НП) | Олег Разиграєв |
| 300 ## - Фізичний опис | |
| Обсяг | С. 312–341 |
| 650 ## - Додаткове предметне введення – тематичний термін | |
| Джерело заголовка чи терміна | UDC |
| 773 0# - Введення хост-одиниці (П) | |
| Бібліонома | 378631 |
| Host Itemnumber | 402744 |
| Заголовок основного введення | Разиграєв О. В. |
| Місце, видавець та дата видання (НП) | Луцьк Волин. старожитності 2012 |
| Інший ідентифікатор одиниці опису | 141014 |
| Назва (НП) | Польська державна поліція на Волині у 1919-1926 роках |
| Контрольний номер запису (П) | (UA-OsUOA) 92398 |
| Міжнародний стандартний книжковий номер (ISBN) | 987-966-3232-78-6 |
| 942 ## - Додаткові елементи входу (Коха) | |
| Source of classification or shelving scheme | Universal Decimal Classification |
| Тип елемента Koha | Складова частина документа |
Немає доступних примірників.